EPIC: the Musical - Polyphemus - Statistics

General Stats
  • This quiz has been taken 146 times
  • The average score is 271 of 303
Answer Stats
Hint Answer % Correct
a
100%
A
100%
food,
100%
food?
100%
sheep
100%
the
100%
The
100%
this
100%
all
98%
be
98%
I
98%
are
97%
eat
97%
to
97%
We
97%
we
97%
Polyphemus: Who
97%
you
97%
you?
97%
Polyphemus: You
97%
die
95%
favorite
95%
here!
95%
here
95%
in
95%
is
95%
killed
95%
my
95%
My
95%
on
95%
so
95%
So
95%
that
95%
What
95%
Odysseus: What?
95%
Your
95%
your
95%
and
93%
at
93%
deep
93%
from
93%
gift
93%
give
93%
Polites: Look
93%
look
93%
No
93%
pain
93%
these
93%
too
93%
wine
93%
Polyphemus: Wine?
93%
deal
92%
eaters
92%
for
92%
hand
92%
it
92%
lotus
92%
me
92%
Nobody,
92%
Nobody
92%
where
92%
would
92%
you'll
92%
can
90%
entire
90%
feed
90%
fleet
90%
human
90%
name?
90%
name
90%
never
90%
our
90%
pass
90%
right
90%
Why
90%
blood
88%
drink
88%
final
88%
flesh
88%
Odysseus: Have
88%
I'm
88%
Eurylochus: I've
88%
like
88%
man
88%
see?
88%
see
88%
take
88%
Take
88%
up
88%
want
88%
will
88%
again
87%
enough
87%
gives
87%
Odysseus: It's
87%
it's
87%
make
87%
now
87%
reap
87%
Then
87%
There
87%
there!
87%
took
87%
what's
87%
can't
85%
eye
85%
fresh
85%
glad
85%
know
85%
Odysseus: Over
85%
over
85%
understand
85%
way
85%
best
83%
came
83%
Don't
83%
gotta
83%
I'll
83%
One
83%
one
83%
sip
83%
some
83%
Stranger,
83%
thank
83%
trade,
83%
us
83%
We're
83%
But
82%
damage
82%
done
82%
just
82%
power
82%
stand
82%
tasting
82%
travellers
82%
we've
82%
both,
80%
come
80%
good
80%
I'd
80%
perfect,
80%
quite
80%
shall
80%
steal
80%
that's
80%
today
80%
treat
80%
true
80%
almost
78%
become
78%
believe
78%
finest
78%
hands
78%
life
78%
meal
78%
misunderstanding
78%
out!
78%
Watch
78%
world's
78%
Polyphemus: Yes,
78%
home
77%
peace
77%
Odysseus: There's
77%
Time
77%
treasure
77%
Polyphemus: Ah,
75%
Bloodshed
75%
Odysseus: Hey
75%
leave
75%
not
75%
sow
75%
as
73%
been
73%
keep
73%
alive
70%
long
70%
fun
68%
reply
68%
cave
67%
has
67%
Maybe
67%
You'd
67%
learn
62%
Before
50%
No matching quizzes found
Score Distribution
Percent of People with Each Score
Percentile by Number Answered
Your Score History
You have not taken this quiz